Normal view
MARC view
- العلوم عند العرب - دوائر ومعارف - العلوم- تاريخ
Entry Topical Term
001 - CONTROL NUMBER
- control field: 46331
003 - CONTROL NUMBER IDENTIFIER
- control field: JO-AjAnu
005 - DATE AND TIME OF LATEST TRANSACTION
- control field: 20230606081646.0
008 - FIXED-LENGTH DATA ELEMENTS
- fixed length control field: 230606|| aca||aabn | a|a d
040 ## - CATALOGING SOURCE
- Original cataloging agency: JO-AjAnu
- Transcribing agency: JO-AjAnu
150 ## - HEADING--TOPICAL TERM
- Topical term or geographic name entry element: العلوم عند العرب - دوائر ومعارف - العلوم- تاريخ
670 ## - SOURCE DATA FOUND
- Source citation: Work cat.: (JO-AjAnu)23714: اشراف راشد، رشدي، م . مشارك مورلون ريجيس معاون, author 46330, موسوعة تاريخ العلوم العربية